000 01094nam a2200253Ia 4500
999 _c37672
_d37672
001 3644
003 GE_BSU
005 20190524151354.0
008 181216s1981|||| |||||||||||||| ||geo||
040 _cGE_BSU
041 _ageo
080 _a519.6(072) გ–19
245 _aგამოთვლითი მათემატიკა : დამხმ. სახელმძღ. /
_cს. თოფურია ; გ. აბესაძე ; გ.ოზბეგაშვილი ; ვ. ხოჭოლავა ; რედ : ე.გიორგაძე .
264 _aთბილისი :
_bსპი,
_c1981.
300 _a156 გვ .:
_c20 სმ.
653 _aგამოთვლითი მათემატიკა.
653 _aმათემატიკა
700 _aთოფურია ,ს
_91414
700 _aაბესაძე, გ
_91415
700 _aოზბეგაშვილი, გ
_91416
700 _aხოჭოლავა, ვ
_91493
700 _aგიორგაძე, ე
_eრედაქტორი
_9398
942 _cBK
_2udc